000 00816 a2200301 4500
260 _aParis
630 _a91 - Geographie. Exploration de la terre, des diverses regions, des divers pays. Voyages. Geographie regionale
650 _a9 - GEOGRAPHIE ET HISTOIRE
100 _aGuilcher, André
700 _aBattistini, René
260 _bCentre de documentation universitaire
245 _aMadagascar : géographie régionale
300 _a137 p.
650 _aGéographie du Madagascar
650 _aGéographie régionale
650 _aMadagascar
260 _c1967
300 _b27 cm
100 _lFr
440 _aLes cours de Sorbone
037 _a15060
037 _aL0363
037 _aL0364
250 _aNouv. éd. ent. ref.
044 _cMadagascar
999 _c35385
_d35385